<?xml version="1.0" encoding="UTF-8"?>
<record
    xmlns:xsi="http://www.w3.org/2001/XMLSchema-instance"
    xsi:schemaLocation="http://www.loc.gov/MARC21/slim http://www.loc.gov/standards/marcxml/schema/MARC21slim.xsd"
    xmlns="http://www.loc.gov/MARC21/slim">

  <leader>01017nam a2200253 i 4500</leader>
  <controlfield tag="001">184724</controlfield>
  <controlfield tag="003">ES-MaACL</controlfield>
  <controlfield tag="005">20250819173745.0</controlfield>
  <controlfield tag="008">151118s2014    sp aco       |||| |bspa d</controlfield>
  <datafield tag="080" ind1=" " ind2=" ">
    <subfield code="a">929 &#xC1;. P&#xE9;rez Murillo, Beato</subfield>
  </datafield>
  <datafield tag="245" ind1="0" ind2="0">
    <subfield code="a">&#xC1;ngel P&#xE9;rez Murillo </subfield>
    <subfield code="b">: montanchego y m&#xE1;rtir / </subfield>
    <subfield code="c">edici&#xF3;n al cuidado de Luis Romero Sevilla, Hilario Jim&#xE9;nez G&#xF3;mez.</subfield>
  </datafield>
  <datafield tag="260" ind1=" " ind2=" ">
    <subfield code="a">Mont&#xE1;nchez (C&#xE1;ceres) : </subfield>
    <subfield code="b">Parroquia de San Mateo ap&#xF3;stol, </subfield>
    <subfield code="c">[2014]</subfield>
  </datafield>
  <datafield tag="300" ind1=" " ind2=" ">
    <subfield code="a">157 p. : </subfield>
    <subfield code="b">il., fot. ; </subfield>
    <subfield code="c">24 cm.</subfield>
  </datafield>
  <datafield tag="490" ind1="1" ind2=" ">
    <subfield code="a">Monte Tances ; </subfield>
    <subfield code="v">1</subfield>
  </datafield>
  <datafield tag="600" ind1="1" ind2="7">
    <subfield code="a">P&#xE9;rez Murillo, &#xC1;ngel, </subfield>
    <subfield code="d">1915-1936</subfield>
    <subfield code="2"></subfield>
    <subfield code="9">158178</subfield>
  </datafield>
  <datafield tag="700" ind1="1" ind2=" ">
    <subfield code="a">Romero Sevilla, Luis.</subfield>
    <subfield code="9">158179</subfield>
  </datafield>
  <datafield tag="700" ind1="1" ind2=" ">
    <subfield code="a">Jim&#xE9;nez G&#xF3;mez, Hilario,</subfield>
    <subfield code="d">1974-</subfield>
    <subfield code="9">158180</subfield>
  </datafield>
  <datafield tag="710" ind1="1" ind2=" ">
    <subfield code="a">Mont&#xE1;nchez. </subfield>
    <subfield code="b">Ayuntamiento.</subfield>
    <subfield code="9">158181</subfield>
  </datafield>
  <datafield tag="830" ind1="0" ind2=" ">
    <subfield code="a">Monte Tances ; </subfield>
    <subfield code="v">1</subfield>
    <subfield code="9">225121</subfield>
  </datafield>
  <datafield tag="852" ind1=" " ind2=" ">
    <subfield code="a">ES-MaACL</subfield>
    <subfield code="j">A-13627</subfield>
    <subfield code="9"> 191735</subfield>
    <subfield code="b">R.150943</subfield>
    <subfield code="c">DEPO1</subfield>
    <subfield code="d">Olim: N-6627</subfield>
    <subfield code="h">Donaci&#xF3;n: Jos&#xE9; L&#xE1;zaro</subfield>
  </datafield>
  <datafield tag="903" ind1=" " ind2=" ">
    <subfield code="9">234219</subfield>
    <subfield code="a">L&#xE1;zaro Garc&#xED;a, Jos&#xE9;</subfield>
    <subfield code="e">dnr</subfield>
  </datafield>
  <datafield tag="942" ind1=" " ind2=" ">
    <subfield code="2">udc</subfield>
    <subfield code="c">MONOGRAFIA</subfield>
  </datafield>
  <datafield tag="999" ind1=" " ind2=" ">
    <subfield code="c">184724</subfield>
    <subfield code="d">184724</subfield>
  </datafield>
  <datafield tag="952" ind1=" " ind2=" ">
    <subfield code="0">0</subfield>
    <subfield code="1">0</subfield>
    <subfield code="2">udc</subfield>
    <subfield code="4">0</subfield>
    <subfield code="7">0</subfield>
    <subfield code="a">ATENEOM</subfield>
    <subfield code="b">ATENEOM</subfield>
    <subfield code="c">DEPO1</subfield>
    <subfield code="d">2015-11-18</subfield>
    <subfield code="e">DONACION</subfield>
    <subfield code="l">0</subfield>
    <subfield code="o">A-13627</subfield>
    <subfield code="p">1194504</subfield>
    <subfield code="r">2023-02-23 00:00:00</subfield>
    <subfield code="w">2023-02-23</subfield>
    <subfield code="y">MONOGRAFIA</subfield>
  </datafield>
</record>
